Statistics for Best Soccer Player Of Every Country

Click here to take the quiz!

General Stats

  • This quiz has been taken 49 times
  • The average score is 26 of 191

Answer Stats

CountryClubPlayer% Correct
EgyptFC LiverpoolMohamed Salah
93%
ArgentinaParis Saint-GermainLionel Messi
76%
BelgiumManchester CityKevin de Bruyne
64%
AlgeriaManchester CityRiyad Mahrez
64%
DenmarkManchester UnitedChristian Eriksen
51%
FranceParis Saint-GermainKylian Mbappe
51%
PortugalManchester UnitedCristiano Ronaldo
49%
Bosnia and HerzegovinaInternazionaleEdin Dzeko
49%
EnglandTottenham HotspurHarry Kane
47%
Costa RicaParis Saint-GermainKeylor Navas
44%
ScotlandFC LiverpoolAndrew Robertson
42%
NorwayManchester CityErling Haaland
42%
GabonFC ChelseaPierre-Emerick Aubameyang
42%
MoroccoParis Saint GermainAchraf Hakimi
40%
WalesLos Angeles FCGareth Bale
40%
PolandFC BarcelonaRobert Lewandowski
40%
GermanyFC Bayern MünchenJoshua Kimmich
38%
CroatiaReal MadridLuka Modric
38%
SenegalFC Bayern MünchenSadio Mane
38%
GhanaFC ArsenalThomas Partey
38%
SwedenAC MilanZlatan Ibrahimovic
38%
ChileOlympique de MarseilleAlexis Sanchez
36%
CanadaFC Bayern MünchenAlphonso Davies
36%
AustriaReal MadridDavid Alaba
36%
SloveniaAtletico de MadridJan Oblak
36%
ItalyParis Saint-GermainMarco Verratti
36%
BrazilParis Saint-GermainNeymar Jr.
36%
SpainManchester CityRodri
36%
NetherlandsFC LiverpoolVirgil van Dijk
36%
South KoreaTottenham HotspurHeung-min Son
33%
ColombiaFC LiverpoolLuis Diaz
33%
United StatesFC ChelseaChristian Pulisic
29%
Ivory CoastFC BarcelonaFranck Kessie
29%
ArmeniaInternazionaleHenrikh Mkhitaryan
29%
Czech RepublicBayer 04 LeverkusenPatrik Schick
29%
SerbiaJuventusDusan Vlahovic
27%
SlovakiaInternazionaleMilan Skriniar
27%
NigeriaSSC NapoliVictor Osimhen
27%
AlbaniaFC ChelseaArmando Broja
22%
UruguayFC LiverpoolDarwin Nunez
22%
Burkina FasoBayer 04 LeverkusenEdmond Tapsoba
22%
MexicoSSC NapoliHirving Lozano
22%
CameroonFC LiverpoolJoel Matip
22%
JamaicaAston VillaLeon Bailey
22%
FinlandBayer 04 LeverkusenLukas Hradecky
22%
GuineaFC LiverpoolNaby Keita
22%
New ZealandNewcastle UnitedChris Wood
20%
TurkeyInternazionaleHakan Calhanoglu
20%
GeorgiaSSC NapoliKhvicha Kvaratskhelia
20%
IranFC PortoMehdi Taremi
20%
IrelandFC EvertonSeamus Coleman
20%
MontenegroAtletico de MadridStefan Savic
20%
AustraliaCeltic GlasgowAaron Mooy
18%
AngolaClub BruggeClinton Mata
18%
ParaguayNewcastle UnitedMiguel Almiron
18%
ZambiaLeicester CityPatson Daka
18%
SwitzerlandBorussia MönchengladbachYann Sommer
18%
RussiaAS MonacoAleksandr Golovin
16%
Tunisia1. FC KölnEllyes Skhiri
16%
Central African RepublicAtletico de MadridGeoffrey Kondogbia
16%
HungaryRB LeipzigPeter Gulacsi
16%
JapanAS MonacoTakumi Minamino
16%
Northern IrelandLeicester CityJonny Evans
13%
IsraelFC FulhamManor Solomon
13%
GreeceSL BenficaOdysseas Vlachodimos
13%
EcuadorBrighton & Hove AlbionPervis Estupinan
13%
Suriname1. FC Union BerlinSheraldo Becker
13%
KenyaCF MontrealVictor Wanyama
13%
MaliTottenham HotspurYves Bissouma
13%
KosovoSSC NapoliAmir Rrahmani
11%
DR CongoOlympique de MarseilleChancel Mbemba
11%
TogoFC GetafeDjene
11%
North MacedoniaSSC NapoliEljif Elmas
11%
PhilippinesVfL BochumGerrit Holtmann
11%
VenezuelaAtlanta UnitedJosef Martinez
11%
ZimbabweAston VillaMarvelous Nakamba
11%
GambiaFC BolognaMusa Barrow
11%
MozambiqueAtletico de MadridReinildo Mandava
11%
GrenadaFC BrentfordShandon Baptiste
11%
UzbekistanAS RomaEldor Shomurodov
9%
CubaNorwich CityOnel Hernandez
9%
PeruCelta VigoRenato Tapia
9%
HondurasGirondins de BordeauxAlberth Elis
7%
LibyaSporting BragaAl Musrati
7%
ThailandKawasaki FrontaleChanathip Songkrasin
7%
St. LuciaIpswich TownJanoi Donacien
7%
Dominican RepublicLeeds UnitedJunior Firpo
7%
IndonesiaPERSIB BandungMarc Klok
7%
BarbadosMaccabi Tel AvivNick Blackman
7%
St. Kitts and NevisCardiff CityRomaine Sawyers
7%
FijiBengaluru FCRoy Krishna
7%
NamibiaWigan AthleticRyan Nyambe
7%
MauritaniaOlympiacosAboubakar Kamara
4%
QatarAl-Sadd SCAkram Afif
4%
MyanmarBuriram UnitedAung Thu
4%
Republic of the CongoRC LensBrice Samba
4%
MalaysiaFC MidtjyllandDion Cools
4%
BruneiChonburi FCFaiq Bolkiah
4%
BulgariaLudogorets RazgradKiril Despodov
4%
MauritiusLegia WarszawaLindsay Rose
4%
Antigua and BarbudaCardiff CityMahlon Romeo
4%
Guinea-BissauESTAC TroyesMama Balde
4%
SyriaAl-Arabi SCOmar Al-Soma
4%
South AfricaEl AhlyPercy Tau
4%
NepalPersik KediriRohit Chand
4%
Saudi ArabiaAl-Hilal Saudi FCSalem Al-Dawsari
4%
BeninStade Brest 29Steve Mounie
4%
TaiwanChengdu RongchengTim Chow
4%
BahrainPersija JakartaYusuf
4%
YemenAl-Ittihad ClubAbdulwasea Al-Matari
2%
El SalvadorSeattle Sounders FCAlex Roldan
2%
United Arab EmiratesAl-JaziraAli Mabkhout
2%
NigerMaccabi HaifaAli Mohamed
2%
TanzaniaKRC GenkAlly Samatta
2%
IndiaATK Mohun Bagan FCAmrinder Singh
2%
BangladeshBashundhara KingsAnisur Rahman Zico
2%
NicaraguaFC PanevezysAriagner Smith
2%
LebanonApollon LimassolBassel Jradi
2%
Laos-Billy Ketkeophomphone
2%
ChadAnorthosis FamagustaCasimir Ninga
2%
MalawiSheriff TiraspolCharles Petro
2%
Papua New GuineaHJK HelsinkiDavid Browne
2%
Cape VerdeTrabzonsporDjaniny
2%
LithuaniaCercle BruggeEdgaras Utkus
2%
RwandaFAR RabatEmmanuel Imanishimwe
2%
BoliviaMamelodi Sundowns FCErwin Saavedra
2%
SamoaWestern Springs AFCFaitalia Hamilton-Pama
2%
ComorosKV KortrijkFaiz Selemani
2%
UgandaCaykur RizesporFarouk Miya
2%
San MarinoUS AnconaFilippo Berardi
2%
HaitiMaccabi HaifaFrantzdy Pierrot
2%
KyrgyzstanKairat AlmatyGulzhigit Alykulov
2%
SomaliaMemphis 901 FCHandwalla Bwana
2%
Sao Tome and PrincipeSC FarenseHarramiz
2%
MaldivesClub EaglesHussain Sifaau
2%
SingaporeBG Pathum UnitedIrfan Fandi
2%
EswatiniCape Town All StarsJustice Figuareido
2%
EstoniaFC ZürichKarol Mets
2%
CyprusStandard LiegeKonstantinos Laifis
2%
ChinaShanghai PortLei Wu
2%
Trinidad and TobagoAEK AthensLevi Garcia
2%
MadagascarRoyale Union Saint GilloiseLoic Lapoussin
2%
TuvaluTe Atatu AFCMaalosi Alefaio
2%
AzerbaijanDinamo ZagrebMahir Emreli
2%
LiechtensteinAscoli CalcioMarcel Büchel
2%
AndorraKedah Darul Aman FCMarc Vales
2%
LuxembourgNew York City FCMaxime Chanot
2%
Solomon IslandsWynnum District FCMicah Lea'alafa
2%
SeychellesBurton AlbionMichael Mancienne
2%
PanamaRSC AnderlechtMichael Murillo
2%
VanuatuHume City FCMitch Cooper
2%
EritreaTrelleborgs FFMohammed Saeid
2%
St. Vincent and the GrenadinesNorth Carolina FCOalex Anderson
2%
MoldovaOlympiacosOleg Reabciuk
2%
UkraineFC ArsenalOleksandr Zichenko
2%
IraqFC VizelaOsama Rashid
2%
LiberiaSlavia PrahaOscar Dorley
2%
East TimorMadura UnitedPedro Henrique
2%
VietnamPau FCQuang Hai Nguyen
2%
AfghanistanBrisbane RoarRahmat Akbari
2%
RomaniaFC EmpoliRazvan Marin
2%
GuatemalaReal Salt Lake CityRubio Rubin
2%
EthiopiaEl Gouna FCShimelis Bekele
2%
Sierra LeoneFatih KaragümrükSteven Caulker
2%
MaltaRoyale Union Saint GilloiseTeddy Teuma
2%
GuyanaFC U CraiovaTerell Ondaan
2%
LesothoReal OruroThabiso Brown
2%
DominicaLernayin Artsakh GorisTobi Jnohope
2%
BelizeOrange County SCTony Rocha
2%
South SudanAluminium Arak FCValentino Yuel
2%
LatviaRakow CzestochovaVladislavs Gutkovskis
2%
DjiboutiAS Arta/Solar 7Warsama Hassan
2%
KuwaitKuwait SCYousef Nasser
2%
BurundiIstanbul BasaksehirYoussouf Ndayishimiye
2%
OmanKhor FakkanAbdullah Khamis Juma
0%
KazakhstanCSKA MoskvaBakhtiyor Zaynutdinov
0%
BhutanParo FCChencho Gyeltshen
0%
IcelandFC CopenhagenIsak Bergmann Johanesson
0%
BotswanaDibba Al-FujairahKabelo Seakanyeng
0%
North Korea-Kwang-song Han
0%
SudanMilton Keynes DonsMo Eisa
0%
PakistanVaerebro BKMohammed Adnan
0%
JordanOud-Heverlee LeuvenMousa Al-Tamari
0%
MongoliaFC UlaanbaatarMunkh-Erdene Enkhtaivan
0%
Sri LankaMelbourne VictoryNishan Velupillay
0%
TajikistanCSKA 1948Parvizdzhon Umarbaev
0%
BahamasWaterford FCRonaldo Green
0%
TurkmenistanKitcheeRuslan Mingazov
0%
Equatorial GuineaUD AlmeriaSergio Akieme
0%
CambodiaBoeung KetVathanaka Chan
0%
BelarusRubin KazanVitaliy Lisakovich
0%

Score Distribution

Percentile by Number Answered

Percent of People with Each Score

Your Score History

You have not taken this quiz